Statistics for Guess the Taylor Swift Song (no hints) 29

Click here to take the quiz!

General Stats

  • This quiz has been taken 106 times
    (6 since last reset)
  • The average score is 262 of 371

Answer Stats

Answer% Correct
a
100%
(I
100%
I
100%
me,
100%
me
100%
the
100%
when
100%
you)
100%
You
100%
you
100%
your
100%
you're
100%
And
83%
and
83%
be
83%
can
83%
could
83%
Don't
83%
don't
83%
gonna
83%
I'll
83%
it's
83%
my
83%
tell
83%
that
83%
to
83%
want
83%
we're
83%
after
67%
babe
67%
back
67%
bottles
67%
But
67%
but
67%
cleaning
67%
Day
67%
down
67%
ever
67%
floor
67%
from
67%
glitter
67%
hand
67%
home
67%
if
67%
I'm
67%
in
67%
midnights
67%
New
67%
night
67%
of
67%
on
67%
or
67%
Or
67%
out
67%
party
67%
read
67%
they
67%
They
67%
up
67%
with
67%
wrong
67%
wrong,
67%
Year's
67%
anywhere
50%
away
50%
become
50%
before,
50%
Candle
50%
carrying
50%
Girls
50%
hard,
50%
hardwood
50%
hold
50%
(hold
50%
Hold
50%
last
50%
laugh
50%
lobby
50%
long
50%
making
50%
memories
50%
memories,
50%
mistakes
50%
page
50%
Please
50%
Polaroids
50%
recognize
50%
road
50%
shoes
50%
squeeze
50%
stay
50%
stranger
50%
strike
50%
taxi
50%
their
50%
there
50%
There's
50%
three
50%
times
50%
toast
50%
town,
50%
wax
50%
Whose
50%
will
50%
crawling
33%
forevermore
33%
lost,
33%
scared,
33%
turning
33%

Score Distribution

Percentile by Number Answered

Percent of People with Each Score

Your Score History

You have not taken this quiz since the last reset